000 00340nam a22001457a 4500
003 CEME
005 20210628205200.0
008 210301b xxu||||| |||| 00| 0 eng d
040 _c.
082 _a0333 WAS
100 _aKonholm
_974301
245 _aIso-9000 quality system 1994 standards
260 _bIBRAHIM
_c1996
942 _cBK
_2ddc
999 _c579852
_d579852